| 000 | 00605cam a22002171 4500 | ||
|---|---|---|---|
| 001 | ne 68004008 | ||
| 003 | DLC | ||
| 005 | 20260227111848.0 | ||
| 008 | 940310s1964 tu 000 0 tur | ||
| 010 | _ane 68004008 | ||
| 035 | _a(OCoLC)29946691 | ||
| 040 |
_aDLC _cCU _dDLC |
||
| 042 | _apremarc | ||
| 050 | 0 | 0 |
_aPL248.I77 _bA9 |
| 100 | 1 |
_aİsen, Tina, _d1942- |
|
| 245 | 1 | 0 |
_aAydınlığı boğdular güpegündüz _c[yazanlar] Tina İsen [ve] Can Kaya İsen. |
| 260 |
_aİstanbul _b[Doğruluk Matbaası] _c1964. |
||
| 300 |
_a60 p. _c16 cm. |
||
| 500 | _aPoems. | ||
| 700 | 1 |
_aİsen, Can Kaya, _d1932- |
|
| 999 |
_c50919 _d50919 |
||